000 00806nas a2200217 i 4500
001 182880
003 ES-MaACL
005 20250217134910.0
008 131121d18831885cl ar m | |spa d
022 _a9976-9328
080 _a354.11(83)(060.55)
110 1 _aChile.
_bMinisterio de Relaciones Exteriores i Colonización.
_9153875
245 1 0 _aMemoria presentada por el ministro de Relaciones Esteriores [sic] i de Colonización de Chile al Congreso Nacional.
260 _aSantiago de Chile :
_bMinisterio de Relaciones Exteriores i Colonización,
_c[1883-1885]
300 _a3 v. ;
_c25 cm.
310 _aAnual
610 1 4 _aChile.
_bMinisterio de Relaciones Exteriores i Colonización-
_vMemorias.
_9153876
852 4 _aES-MaACL
_jG-6827-29
866 0 _o1883-85.
999 _c182880
_d182880